Entry Nombre personal
001 - NÚMERO DE CONTROL
- campo de control: 242564
003 - IDENTIFICADOR DE NÚMERO DE CONTROL
- campo de control: SpMaBN
005 - FECHA Y HORA DE LA ÚLTIMA TRANSACCIÓN
- campo de control: 20251201170002.0
008 - ELEMENTOS DE DATO DE LONGITUD-FIJA
- campo de control de longitud fija: 901120nn aijnnaabn a aaa
016 ## - NÚMERO DE CONTROL DE UNA AGENCIA BIBLIOGRÁFICA NACIONAL
- Número de control del registro: BNE19900539940
024 7# - IDENTIFICADOR DE OTROS ESTÁNDARES
- Número estándar o código: http://viaf.org/viaf/14778706/
- Fuente: viaf
024 7# - IDENTIFICADOR DE OTROS ESTÁNDARES
- Número estándar o código: https://isni.org/isni/0000000108717813
- Fuente: isni
024 7# - IDENTIFICADOR DE OTROS ESTÁNDARES
- Número estándar o código: http://www.wikidata.org/entity/Q153160
- Fuente: wikidata
040 ## - FUENTE DE CATALOGACIÓN
- Centro catalogador/agencia de origen: SpMaBN
- Lengua de catalogación: spa
- Centro/agencia transcriptor: SpMaBN
- Normas de descripción: rdc
- Convención/Normas de encabezamiento de materia/tesauro: embne
100 1# - ENCABEZAMIENTO-NOMBRE DE PERSONA
- Nombre de persona: Schreber, Daniel Gottlieb Moritz,
- Fechas asociadas al nombre: 1808-1861
370 ## - LUGAR ASOCIADO
- Lugar de nacimiento: Leipzig
- Número de control del registro de autoridad o número normalizado: XX453635
- Fuente de información: Wikidata
374 ## - OCUPACIÓN
- Ocupación: Profesores
- Ocupación: Médicos
- Fuente de información: Wikidata
375 ## - GÉNERO/SEXO
- Género: Masculino
377 ## - IDIOMA ASOCIADO
- Término de lengua/lenguaje: Alemán
400 1# - TRAZADO DE VÉASE--NOMBRE DE PERSONA
- Nombre de persona: Schreber, D. G. M.
400 1# - TRAZADO DE VÉASE--NOMBRE DE PERSONA
- Nombre de persona: Schreber, Daniel Gottlob Moritz
670 ## - FUENTE DE DATOS ENCONTRADOS
- Cita de la fuente: Manual popular de gimnasia de sala, médica e higiénica... , 1862
- Información encontrada: port. (D.G.M. Schreber)
670 ## - FUENTE DE DATOS ENCONTRADOS
- Cita de la fuente: Palau
- Información encontrada: (Schreber, Daniel Gottlob Moritz)
670 ## - FUENTE DE DATOS ENCONTRADOS
- Cita de la fuente: NUC, 1984
- Información encontrada: (Schreber, Daniel Gottlieb Moritz)
670 ## - FUENTE DE DATOS ENCONTRADOS
- Cita de la fuente: CDMARC names, 1997
- Información encontrada: (Schreber, Daniel Gottlieb Moritz, 1808-1861; físico y educador de Leipzig)
